000 00551nam a22001937a 4500
003 PILC
005 20150826150509.0
008 150826b xxu||||| |||| 00| 0 eng d
020 _a9780891095927
050 _aHQ 2044.P6
_b.M536 1989
100 _aMenconi, Peter.
245 _aWholeness :
_bputting the pieces /
_cPeter Menconi, Richard Peace & Lyman Coleman.
260 _bSerendipity House,
_c1989.
300 _a60 pages ;
_c24 cm.
650 _aLifestyle.
700 _aPeace, Richard.
700 _aColeman, Lyman.
942 _2lcc
_cBK
_kFOR
999 _c288513
_d288513